000 00601nam a2200145 a 4500
008 120416s1964 ||||||||||||||||| || u
050 _aDT 352 Pol
100 _aColeman, James S
245 1 0 _aPolitical parties and national integration in tropical Africa
_cedited by James S. Coleman
260 _aLos Angeles
_bUniversity of California Press
_c1964
300 _axi, 730p. : ill.
350 _a0.00
700 _aRosberg, Carl G
995 _D0.00
_FCBU-MAIN LIBRARY (Kitwe)
_H1
_I10.00
_M1
_UAVAILABLE
_WSep 7, 2006
_ZMain Library Open Access Collection
999 _c53922
_d53922